书目信息 |
| 题名: |
特别谍案
|
|
| 作者: | 冷梦 著 | |
| 分册: | ||
| 出版信息: | 北京 群众出版社 2000.01 |
|
| 页数: | 334页 | |
| 开本: | 32开 | |
| 丛书名: | ||
| 单 册: | ||
| 中图分类: | I247.5 | |
| 科图分类: | ||
| 主题词: | 小说--中国 | |
| 电子资源: | ||
| ISBN: | 7-5014-0767-3 | |
| 000 | 00514nam0 2200193 45 | |
| 001 | 0008170936 | |
| 005 | 20001111093053.0 | |
| 010 | @a7-5014-0767-3@d16.00元 | |
| 100 | @a20000817d2000 km y0chiy0120 ea | |
| 101 | 0 | @achi |
| 105 | @a z 000yy | |
| 200 | 1 | @a特别谍案@ATe Bie Die An@f冷梦著@FLeng Meng Zhu |
| 210 | @a北京@c群众出版社@d2000.01 | |
| 215 | @a334页@d32开 | |
| 606 | 0 | @a小说@x中国 |
| 690 | @aI247.5@v3 | |
| 701 | 0 | @a冷梦@4著 |
| 801 | @aCN@bPftUser@c20000817 | |
| 905 | @dI247.5@eL.272@b401460-461@f2 | |
| 特别谍案/冷梦著.-北京:群众出版社,2000.01 |
| 334页;32开 |
| ISBN 7-5014-0767-3:16.00元 |
| ● |
| 相关链接 |
|
|
|
正题名:特别谍案
索取号:I247.5/L.272
 
预约/预借
| 序号 | 登录号 | 条形码 | 馆藏地/架位号 | 状态 | 备注 |
| 1 | 401460 | 204014609 | 社科二线422/422社科库 11排1列5层/ [索取号:I247.5/L.272] | 在馆 | |
| 2 | 401461 | 204014618 | 社科二线422/422社科库 11排1列5层/ [索取号:I247.5/L.272] | 在馆 |